'La Enrejolada', Martorell : Museum Arqueológico... Museum Arqueológico...
Descripción Física:
55 p. : principalment il., negre i col ; 15 cm
Materias:
Museu l'Enrejolada (Martorell)
MARC
| LEADER | 00000nam a2200000Ia 4500 | ||
|---|---|---|---|
| 001 | 1722 | ||
| 008 | 160829s1929 (Barcelona : H. de J. Thomas) xx 000 0 cat d | ||
| 952 | |0 0 |1 0 |4 0 |6 H269 |7 1 |9 42055 |a Arxiu |b Arxiu |d 2016-12-01 |l 0 |o H-2-69 |p 1722 |r 2016-12-01 00:00:00 |w 2016-12-01 |y ARXIU | ||
| 999 | |c 44502 |d 44502 | ||
| 080 | |a H-2-69 | ||
| 245 | |a 'La Enrejolada', Martorell : |b Museum Arqueológico... | ||
| 260 | |a [s.l.] : |b editado por su propietario, |c 1929 (Barcelona : H. de J. Thomas) | ||
| 300 | |a 55 p. : |b principalment il., negre i col ; |c 15 cm | ||
| 590 | |a Textos en castellà, francès i anglès. | ||
| 650 | |a Museu l'Enrejolada (Martorell) |9 22095 | ||
| 856 | |u https://museudeldisseny.clipfiles.tv/llibre/Main.php?MagID=40070&MagNo=40070#page/1 | ||
| 901 | |a Arxiu | ||
| 942 | |n 1 |2 udc | ||